Taylor Swift mystery lyrics #98 - Statistics

General Stats
  • This quiz has been taken 59 times
  • The average score is 207 of 266
Answer Stats
Answer % Correct
a
100%
I
100%
you
100%
it
98%
love
98%
the
98%
and
95%
if
95%
in
95%
on
95%
to
95%
where
95%
your
95%
me
93%
my
93%
then
93%
can
90%
do
90%
it's
90%
no
90%
of
90%
from
88%
I'm
88%
just
88%
this
88%
us
88%
was
88%
come
86%
Did
86%
For
86%
is
86%
so
86%
So
86%
they
86%
can't
83%
crying
83%
have
83%
How
83%
Now
83%
now
83%
that
83%
up
83%
would
83%
at
81%
bad
81%
down
81%
Down
81%
knew
81%
back
79%
gym
79%
I'll
79%
Everything
76%
get
76%
him
76%
not
76%
one
76%
all
74%
All
74%
'Cause
74%
Fuck
74%
fuck
74%
make
74%
might
74%
moment
74%
comes
71%
out
71%
say
71%
Like
69%
really
69%
teenage
69%
difference
67%
take
67%
than
67%
came
64%
leave
64%
stay
64%
think
64%
die
62%
pick
62%
alone
60%
cosmic
60%
experiments
60%
some
60%
dust
57%
here
57%
blood
55%
leaving
55%
loved
55%
stranded
55%
Tell
55%
beam
52%
chosen
52%
cloud
52%
heaven
52%
naked
52%
old
52%
petulance
52%
romantic
52%
town
52%
waking
52%
clothes
50%
safe
50%
same
50%
struck
50%
about
48%
build
48%
fort
48%
sky
48%
sparkling
48%
Staring
48%
They'll
48%
bigger
45%
dare
45%
hostile
45%
planet
45%
sent
45%
understand
45%
world
45%
existence
43%
exposures
43%
indecent
43%
Show
43%
hollow
40%
takeovers
40%
talk
40%
closer
36%
field
36%
seems
33%
lost
31%
nuts
31%
ship
31%
Encounters
29%
somehow
29%
twin
26%
Waving
24%
No matching quizzes found
Score Distribution
Percent of People with Each Score
Percentile by Number Answered
Your Score History
You have not taken this quiz